| 000 | 00540nam a2200181Ia 4500 | ||
|---|---|---|---|
| 003 | OSt | ||
| 005 | 20230803123751.0 | ||
| 008 | 230222s9999||||xx |||||||||||||| ||und|| | ||
| 020 | _a9966978801 | ||
| 040 | _cChuka University Library | ||
| 050 |
_aLB 1025.2 _bN3 2003 |
||
| 100 |
_aNasibi, M. Were _93944 |
||
| 245 | 0 | _aInstructional methods: General methods for teaching across the curriculum | |
| 260 |
_a Nairobi _bStrongwall Africa _c2003 |
||
| 300 |
_a196p _bIllustrated |
||
| 650 |
_aInstructional methods _911211 |
||
| 942 |
_cBK _01 _2lcc |
||
| 999 |
_c13429 _d13429 |
||